| 000 | 00792cab a2200205 4500 | ||
|---|---|---|---|
| 001 | E86950 | ||
| 008 | 090401t1997 xxu||||| |||| 00| 0 eng d | ||
| 035 | _a(Sirsi) u81350 | ||
| 041 | _aeng | ||
| 245 | _aMacDonald`s Trustees v Cunningham | ||
| 260 | _c1997 | ||
| 350 | _a0 | ||
| 490 |
_aGreens Housing Law Reports _v1997 HousLR 117-119(3) |
||
| 520 | _aSheriff Court. 7 August 1997. Landlord and tenant - contractual right to terminate lease on sequestration of tenant - acceptance of rent by landlord after notice of termination of tenancy - whether acceptance amounting to waiver of right to terminate lease. | ||
| 650 | _aNOTICE OF TERMINATION | ||
| 650 | _aTERMINATION OF LEASE | ||
| 690 | _aLANDLORD AND TENANT-CASE LAW-BUSINESS TENANCIES | ||
| 942 | _n0 | ||
| 948 | _c08/10/1997 | ||
| 999 |
_c51258 _d51258 |
||